| 000 | 00642nam a2200193 4500 | ||
|---|---|---|---|
| 001 | 119008 | ||
| 003 | ES-MaACL | ||
| 005 | 20230906191224.0 | ||
| 007 | t| | ||
| 008 | 070214s1913 fr r ||||1| fre d | ||
| 100 | 1 |
_aPicart, Luc. _991789 |
|
| 245 | 1 | 0 |
_aCalcul des orbites et des éphémérides / _cLuc Picart. |
| 260 |
_aParis : _bDoin, _c1913. |
||
| 300 |
_a306 p. ; _c18 x 12 cm. |
||
| 490 | 1 | _aEncyclopédie scientifique. Bibliothèque d'astronomie et de physique céleste | |
| 830 | 0 |
_aEncyclopédie scientifique. Bibliothèque d'astronomie et de physique céleste _9218564 |
|
| 852 |
_aES-MaACL _jD-4412 |
||
| 999 |
_c119008 _d119008 |
||